Globalization, family structure, and declining fertility in the developing world (Record no. 56607)

000 -LEADER
fixed length control field 00499pab a2200181 454500
008 - FIXED-LENGTH DATA ELEMENTS--GENERAL INFORMATION
fixed length control field 180718b2003 xxu||||| |||| 00| 0 eng d
100 ## - MAIN ENTRY--PERSONAL NAME
Personal name Harbison, Sarah F.
245 ## - TITLE STATEMENT
Title Globalization, family structure, and declining fertility in the developing world
260 ## - PUBLICATION, DISTRIBUTION, ETC.
Date of publication, distribution, etc. 2003
300 ## - PHYSICAL DESCRIPTION
Extent p.44-55.
362 ## - DATES OF PUBLICATION AND/OR SEQUENTIAL DESIGNATION
Dates of publication and/or sequential designation Winter
650 ## - SUBJECT ADDED ENTRY--TOPICAL TERM
Topical term or geographic name entry element Fertility
650 ## - SUBJECT ADDED ENTRY--TOPICAL TERM
Topical term or geographic name entry element Globalization
650 ## - SUBJECT ADDED ENTRY--TOPICAL TERM
Topical term or geographic name entry element Family
700 ## - ADDED ENTRY--PERSONAL NAME
Personal name Robinson, Warren C.
773 ## - HOST ITEM ENTRY
Main entry heading Review of Radical Political Economics
909 ## -
-- 56607
Holdings
Withdrawn status Lost status Damaged status Not for loan Permanent Location Current Location Date acquired Serial Enumeration / chronology Barcode Date last seen Price effective from Koha item type
        Indian Institute of Public Administration Indian Institute of Public Administration 2018-07-19 Volume no: 35, Issue no: 1 AR57052 2018-07-19 2018-07-19 Articles

Powered by Koha